[Event "Montigny le Bretonneux Noel op 07th"]
[Site "Montigny le Bretonneux"]
[Date "2004.12.30"]
[Round "6"]
[White "Riazuelo, Gilles"]
[Black "Mialane, Pierre"]
[Result "1/2-1/2"]
[WhiteElo "2096"]
[BlackElo "1950"]
[PlyCount "92"]
[EventDate "2004.12.??"]
[EventType "swiss"]
[EventRounds "7"]
[EventCountry "FRA"]
[SourceTitle "EXT 2006"]
[Source "ChessBase"]
[SourceDate "2005.11.24"]
[SourceVersion "1"]
[SourceVersionDate "2005.11.24"]
[SourceQuality "1"]

1. e4 e6 2. d4 d5 3. Nc3 dxe4 4. Nxe4 Nd7 5. Nf3 Ngf6 6. Nxf6+ Nxf6 7. Bd3 c5 8. dxc5 Bxc5 9. Qe2 Qc7 10. Bd2 Bd7 11. 0-0 h6 12. Bc3 a6 13. Rad1 Bc6 14. Ne5 Bd5 15. Bc4 0-0 16. Bxd5 Nxd5 17. Bd4 Rfd8 18. Bxc5 Qxc5 19. Qh5 Qc7 20. Rfe1 Nf6 21. Qe2 Rxd1 22. Rxd1 Rd8 23. Rxd8+ Qxd8 24. Qd3 Qa5 25. Nc4 Qxa2 26. Qd8+ Kh7 27. Qd3+ Kg8 28. Qd8+ Kh7 29. Qd3+ g6 30. g3 Kg7 31. Qc3 Qb1+ 32. Kg2 Qd1 33. Ne3 Qd7 34. f3 h5 35. h3 Qc6 36. Qe5 b6 37. g4 Qc5 38. Qf4 hxg4 39. hxg4 g5 40. Nf5+ exf5 41. Qxg5+ Kf8 42. Qxf6 Qxc2+ 43. Kg3 Qc7+ 44. f4 fxg4 45. Kxg4 a5 46. f5 Qc4+ 1/2-1/2

[Event "Montigny le Bretonneux Noel op 07th"]
[Site "Montigny le Bretonneux"]
[Date "2004.12.29"]
[Round "5"]
[White "Pantic, David"]
[Black "Mialane, Pierre"]
[Result "0-1"]
[WhiteElo "1740"]
[BlackElo "1950"]
[PlyCount "134"]
[EventDate "2004.12.??"]
[EventType "swiss"]
[EventRounds "7"]
[EventCountry "FRA"]
[SourceTitle "EXT 2006"]
[Source "ChessBase"]
[SourceDate "2005.11.24"]
[SourceVersion "1"]
[SourceVersionDate "2005.11.24"]
[SourceQuality "1"]

1. b3 Nf6 2. Bb2 e6 3. Nf3 d5 4. Ne5 Nbd7 5. Nxd7 Bxd7 6. e3 c5 7. Be2 b5 8. 0-0 Be7 9. c4 Qb6 10. cxd5 exd5 11. Bf3 0-0 12. Nc3 Bc6 13. Ne2 Bb7 14. Ng3 Rfd8 15. Nf5 Bf8 16. d3 Rac8 17. Qe2 g6 18. Ng3 Bg7 19. d4 c4 20. Rfc1 Rc7 21. bxc4 dxc4 22. Bxb7 Qxb7 23. Bc3 b4 24. Rab1 a5 25. e4 Qa7 26. Bd2 c3 27. Be3 Nd7 28. Bf4 Rcc8 29. d5 Ne5 30. Bg5 Rd7 31. Kh1 Nc4 32. h4 Na3 33. Rb3 Qb7 34. f4 h6 35. h5 hxg5 36. fxg5 a4 37. Rxa3 bxa3 38. Qg4 c2 39. hxg6 fxg6 40. Qe6+ Rf7 41. Nh5 Rcf8 42. Nxg7 Kxg7 43. Qe5+ Kg8 44. Qe6 Kh7 45. Qh3+ Kg7 46. Qh6+ Kg8 47. Qxg6+ Rg7 48. Qe6+ Qf7 49. Rxc2 Qxe6 50. dxe6 Re8 51. Rc4 Ra7 52. Rc6 Kg7 53. Kh2 Kg6 54. Kg3 Kxg5 55. Rc5+ Kf6 56. Kf4 Rxe6 57. g4 Rae7 58. e5+ Kg6 59. Rd5 Rf7+ 60. Ke4 Kg5 61. Rd6 Rxd6 62. exd6 Kxg4 63. Kd5 Kf3 64. Ke6 Rf8 65. Ke7 Rh8 66. d7 Ke3 67. d8Q Rxd8 0-1

[Event "Montigny le Bretonneux Noel op 07th"]
[Site "Montigny le Bretonneux"]
[Date "2004.12.28"]
[Round "4"]
[White "Mialane, Pierre"]
[Black "Couronne, Patrice"]
[Result "1-0"]
[WhiteElo "1950"]
[BlackElo "1710"]
[PlyCount "75"]
[EventDate "2004.12.??"]
[EventType "swiss"]
[EventRounds "7"]
[EventCountry "FRA"]
[SourceTitle "EXT 2006"]
[Source "ChessBase"]
[SourceDate "2005.11.24"]
[SourceVersion "1"]
[SourceVersionDate "2005.11.24"]
[SourceQuality "1"]

1. d4 Nf6 2. c4 d6 3. Nf3 g6 4. Nc3 Bg7 5. e4 0-0 6. Be2 Nc6 7. d5 Ne5 8. Nxe5 dxe5 9. 0-0 Ne8 10. b4 b6 11. a4 f5 12. f3 f4 13. a5 Bd7 14. Ba3 g5 15. c5 Rf6 16. axb6 cxb6 17. c6 Bc8 18. b5 Nc7 19. Qb3 Kh8 20. Ra2 Bf8 21. Rfa1 Qe8 22. Bb2 Rh6 23. Na4 e6 24. Bxe5+ Kg8 25. Bxc7 exd5 26. Qxd5+ Be6 27. Qxg5+ Rg6 28. Qxf4 Bxa2 29. Rxa2 Bh6 30. Bc4+ Kh8 31. Qe5+ Bg7 32. Qxe8+ Rxe8 33. Bf7 Rxe4 34. fxe4 Bd4+ 35. Kh1 Rf6 36. Bc4 Kg7 37. g3 Rf3 38. Bf4 1-0

[Event "Montigny le Bretonneux Noel op 04th"]
[Site "Montigny le Bretonneux"]
[Date "2001.12.30"]
[Round "6.5"]
[White "Hedjazian, Kayhan"]
[Black "Mialane, Pierre"]
[Result "0-1"]
[WhiteElo "1580"]
[BlackElo "1980"]
[PlyCount "90"]
[EventDate "2001.12.26"]
[EventType "swiss"]
[EventRounds "7"]
[EventCountry "FRA"]
[SourceTitle "EXT 2003"]
[Source "ChessBase"]
[SourceDate "2002.11.25"]
[SourceVersion "1"]
[SourceVersionDate "2002.11.25"]
[SourceQuality "1"]

1. d4 Nf6 2. c4 e6 3. Nf3 b6 4. a3 d5 5. Nc3 Be7 6. Bg5 0-0 7. e3 Bb7 8. Bd3 Nbd7 9. 0-0 c5 10. Rc1 a6 11. Qe2 dxc4 12. Bxc4 b5 13. Ba2 h6 14. Bh4 cxd4 15. Nxd4 Qb6 16. Rfd1 Rac8 17. Nf3 Rfd8 18. e4 Kh8 19. Bb1 Rc7 20. Bg3 Rcc8 21. h3 Qa7 22. e5 Nd5 23. Nxd5 Bxd5 24. Qd3 Nf8 25. Rxc8 Rxc8 26. Qd2 Kg8 27. Rc1 Qb7 28. Rxc8 Qxc8 29. Ne1 Qc5 30. b4 Qc4 31. Qc2 Qd4 32. Qd3 Qb2 33. Nf3 Bc4 34. Qc2 Qxa3 35. Nd4 Bxb4 36. Nc6 Qc3 37. Nxb4 Qxb4 38. Qe4 a5 39. Bd3 a4 40. f3 a3 41. Bxc4 bxc4 42. Be1 Qb3 43. Qa8 Qd1 44. Kf2 c3 45. Qxa3 c2 0-1

[Event "Montigny le Bretonneux Noel op 04th"]
[Site "Montigny le Bretonneux"]
[Date "2001.12.28"]
[Round "3.2"]
[White "Mialane, Pierre"]
[Black "Couradin, Bruno"]
[Result "1/2-1/2"]
[WhiteElo "1980"]
[BlackElo "1640"]
[PlyCount "66"]
[EventDate "2001.12.26"]
[EventType "swiss"]
[EventRounds "7"]
[EventCountry "FRA"]
[SourceTitle "EXT 2003"]
[Source "ChessBase"]
[SourceDate "2002.11.25"]
[SourceVersion "1"]
[SourceVersionDate "2002.11.25"]
[SourceQuality "1"]

1. d4 Nf6 2. c4 e6 3. Nc3 c5 4. d5 exd5 5. cxd5 d6 6. Nf3 Be7 7. e3 0-0 8. Bd3 Bg4 9. Qc2 Bxf3 10. gxf3 Nbd7 11. f4 Nb6 12. e4 c4 13. Bf1 Qd7 14. Be3 Ng4 15. Bd4 Bf6 16. Bxf6 Nxf6 17. Be2 Rfe8 18. 0-0-0 Re7 19. h4 Ng4 20. Bf3 Rae8 21. Bg2 Qc7 22. Bh3 Nf6 23. f3 Qc5 24. Qd2 Nh5 25. Rhg1 Nd7 26. Bxd7 Rxd7 27. f5 Kh8 28. f6 g6 29. Rg5 Nxf6 30. Qf4 Nh5 31. Rxh5 gxh5 32. Ne2 f5 33. Qxf5 Qe3+ 1/2-1/2